[Event "España ch 2010 sub18"]
[Site "Linares ESP"]
[Date "2010.07.30"]
[Round "7.1"]
[White "Martin Fuentes, Alberto"]
[Black "Arribas Lopez, Angel"]
[Result "1/2-1/2"]
[WhiteElo "2297"]
[BlackElo "2442"]
[PlyCount "100"]
[EventDate "2010.07.26"]
[EventType "swiss"]
[EventRounds "9"]
[EventCountry "ESP"]
[Source "lmi"]
[SourceDate "2010.07.26"]

1. e4 c5 2. Nc3 Nc6 3. d3 d6 4. g3 g6 5. Be3 Bg7 6. Qd2 Rb8 7. Bg2 e6 8. Nge2
b5 9. O-O b4 10. Nd1 Qb6 11. h3 Ba6 12. g4 Nge7 13. Bh6 Bxh6 14. Qxh6 c4 15.
dxc4 Bxc4 16. Re1 Ne5 17. Ne3 N7c6 18. Ng3 Nd4 19. Kh1 Ba6 20. Qg7 Rf8 21. c3
Nb5 22. Qf6 bxc3 23. bxc3 Qd8 24. Qxd8+ Kxd8 25. Bf1 Nc7 26. Red1 Ke7 27. f4
Nc6 28. Rd2 Bxf1 29. Rxf1 Na5 30. f5 Rbc8 31. f6+ Kd7 32. e5 Ne8 33. Ne4 Rc6
34. Rfd1 Nb7 35. exd6 Nexd6 36. Nc4 Rxc4 37. Nxd6 Nxd6 38. Rxd6+ Kc8 39. R1d3
Re8 40. Kg2 e5 41. Kg3 Ra4 42. Rd2 e4 43. R6d4 e3 44. Re2 Ra6 45. g5 Re5 46. h4
Rae6 47. Rd3 Kc7 48. Kf3 Rf5+ 49. Kg3 Rfe5 50. Kf3 Rf5+ 1/2-1/2

[Event "España ch 2010 sub18"]
[Site "Linares ESP"]
[Date "2010.07.30"]
[Round "7.2"]
[White "Espinosa Aranda, Angel"]
[Black "Herrera Delgado, Alejandro"]
[Result "1-0"]
[WhiteElo "2397"]
[BlackElo "2316"]
[PlyCount "69"]
[EventDate "2010.07.26"]
[EventType "swiss"]
[EventRounds "9"]
[EventCountry "ESP"]
[Source "lmi"]
[SourceDate "2010.07.26"]

1. e4 c5 2. Nf3 Nc6 3. d4 cxd4 4. Nxd4 g6 5. c4 Nf6 6. Nc3 d6 7. Be2 Bg7 8. Be3
Nd7 9. O-O O-O 10. Qd2 Nc5 11. Rfd1 Bd7 12. Rac1 a6 13. f3 Rb8 14. Nxc6 Bxc6
15. b4 Na4 16. Nd5 b5 17. c5 dxc5 18. bxc5 a5 19. Qe1 e6 20. Nb6 Qc7 21. Qxa5
Ra8 22. Qb4 Rad8 23. Rxd8 Rxd8 24. Nxa4 bxa4 25. Qb6 Be5 26. Qxc7 Bxc7 27. Rb1
f5 28. Bc4 fxe4 29. fxe4 Bxe4 30. Bxe6+ Kh8 31. Bg5 Rf8 32. Re1 Bd3 33. Be7 Ba5
34. Bxf8 Bxe1 35. c6 1-0

[Event "España ch 2010 sub18"]
[Site "Linares ESP"]
[Date "2010.07.30"]
[Round "7.3"]
[White "Pardo Simon, David"]
[Black "Coll Ortega, Jordi"]
[Result "0-1"]
[WhiteElo "2354"]
[BlackElo "2248"]
[PlyCount "50"]
[EventDate "2010.07.26"]
[EventType "swiss"]
[EventRounds "9"]
[EventCountry "ESP"]
[Source "lmi"]
[SourceDate "2010.07.26"]

1. b3 d5 2. e3 Nf6 3. Bb2 g6 4. Bxf6 exf6 5. g3 Bg7 6. Ne2 O-O 7. Bg2 Bg4 8. h3
Bxe2 9. Qxe2 c6 10. d4 Nd7 11. O-O f5 12. c4 dxc4 13. bxc4 Re8 14. Rd1 Qa5 15.
Nd2 Rad8 16. c5 Qc7 17. Nb3 Nf6 18. Rab1 h5 19. h4 f4 20. gxf4 Qxf4 21. Na5 Ng4
22. Rxb7 Bxd4 23. exf4 Rxe2 24. Nxc6 Bxf2+ 25. Kf1 Rdd2 0-1

[Event "España ch 2010 sub18"]
[Site "Linares ESP"]
[Date "2010.07.30"]
[Round "7.4"]
[White "Gil Quilez, David"]
[Black "Vazquez Torres, Adrian"]
[Result "0-1"]
[WhiteElo "2133"]
[BlackElo "2210"]
[PlyCount "120"]
[EventDate "2010.07.26"]
[EventType "swiss"]
[EventRounds "9"]
[EventCountry "ESP"]
[Source "lmi"]
[SourceDate "2010.07.26"]

1. e4 c5 2. Nf3 e6 3. d4 cxd4 4. Nxd4 a6 5. Nc3 Qc7 6. Be2 Nf6 7. O-O Nc6 8.
Be3 b5 9. Nxc6 dxc6 10. f4 Bb7 11. e5 Nd5 12. Nxd5 cxd5 13. c3 Be7 14. Bd4 O-O
15. Bd3 f5 16. exf6 Bxf6 17. Qh5 g6 18. Qg4 Rae8 19. Rf3 Bxd4+ 20. cxd4 Qg7 21.
Kh1 Rf7 22. Re1 Qxd4 23. Rxe6 Rxe6 24. Qxe6 Qxb2 25. f5 Qa1+ 26. Rf1 Qf6 27.
Qe8+ Kg7 28. h3 Re7 29. Qb8 g5 30. Rc1 Kf7 31. Qg3 h6 32. Qg4 Kg7 33. Qg3 d4
34. Rc7 Bd5 35. a3 Qf7 36. Rc8 Qf6 37. Rc7 Bf7 38. Rxe7 Qxe7 39. Qf3 Qe1+ 40.
Kh2 Qe5+ 41. Kg1 Bd5 42. Qh5 Qe3+ 43. Kh2 Qf4+ 44. Kg1 Bf7 45. Qe2 Kf6 46. Qc2
Qe3+ 47. Kh2 Qe5+ 48. Kg1 Qe1+ 49. Kh2 Qc3 50. Kg1 Qxc2 51. Bxc2 Bc4 52. g4 d3
53. Bd1 a5 54. Kf2 b4 55. axb4 axb4 56. Ke3 b3 57. Bxb3 Bxb3 58. Kxd3 Ke5 59.
Ke3 Bd5 60. Kf2 Kf4 0-1

[Event "España ch 2010 sub18"]
[Site "Linares ESP"]
[Date "2010.07.30"]
[Round "7.5"]
[White "Forcen Esteban, Daniel"]
[Black "Garcia Gil, Bernardino"]
[Result "1-0"]
[WhiteElo "2379"]
[BlackElo "2152"]
[PlyCount "61"]
[EventDate "2010.07.26"]
[EventType "swiss"]
[EventRounds "9"]
[EventCountry "ESP"]
[Source "lmi"]
[SourceDate "2010.07.26"]

1. d4 e6 2. e4 d5 3. Nc3 Bb4 4. e5 c5 5. Bd2 cxd4 6. Nb5 Bf8 7. f4 Nc6 8. Nf3
Bc5 9. a3 Qb6 10. b4 Be7 11. Bc1 a5 12. bxa5 Rxa5 13. Rb1 Qd8 14. Nfxd4 Nh6 15.
Be3 O-O 16. Bd3 Nxd4 17. Bxd4 Bd7 18. Nd6 Bxd6 19. exd6 Rxa3 20. O-O Qb8 21.
Rf3 Ra4 22. Bxg7 Kxg7 23. Rg3+ Kh8 24. Qh5 Qa7+ 25. Kh1 Rb4 26. Rf1 f5 27. Qxh6
Rf7 28. Qh5 Rg7 29. Rxg7 Kxg7 30. Qg5+ Kf8 31. Qd8+ 1-0

[Event "España ch 2010 sub18"]
[Site "Linares ESP"]
[Date "2010.07.30"]
[Round "7.6"]
[White "Perera Borrego, Mariela"]
[Black "Chueca Forcen, Alberto"]
[Result "1/2-1/2"]
[WhiteElo "2068"]
[BlackElo "2280"]
[PlyCount "175"]
[EventDate "2010.07.26"]
[EventType "swiss"]
[EventRounds "9"]
[EventCountry "ESP"]
[Source "lmi"]
[SourceDate "2010.07.26"]

1. d4 Nf6 2. Nf3 c5 3. d5 e6 4. Nc3 b5 5. Bg5 Qa5 6. Bxf6 gxf6 7. Qd2 e5 8. e4
b4 9. Nd1 h5 10. Bc4 Bh6 11. Qd3 d6 12. Nd2 Bxd2+ 13. Qxd2 Nd7 14. Ne3 Rb8 15.
O-O Nb6 16. Be2 Na4 17. Rfb1 Bd7 18. a3 Ke7 19. axb4 Qxb4 20. Qxb4 Rxb4 21. Bd3
Nxb2 22. Rxb2 Rxb2 23. Rxa7 Rb6 24. Nf5+ Kd8 25. Ra8+ Bc8 26. h4 Kc7 27. Ne3
Rb8 28. Ra1 Bd7 29. Be2 Bb5 30. Bf3 Bd7 31. Kh2 Rb4 32. Ra7+ Rb7 33. Ra1 Rh7
34. Ra8 Rb4 35. Ra7+ Kc8 36. Ra6 Kc7 37. Ra7+ Rb7 38. Ra8 Bc8 39. Ra6 Rb6 40.
Ra2 Ra6 41. Rb2 Ra4 42. c4 Rh8 43. Bd1 Ra3 44. Nf1 f5 45. Ng3 f4 46. Nxh5 f3
47. g4 Bxg4 48. Nf6 Rxh4+ 49. Kg3 Rh1 50. Kxg4 Rxd1 51. Ne8+ Kd7 52. Nf6+ Kd8
53. Rb8+ Kc7 54. Rf8 Rg1+ 55. Kf5 Rg2 56. Rxf7+ Kb6 57. Ng4 Ra8 58. Rf6 Ka5 59.
Rg6 Rf8+ 60. Nf6 Rxg6 61. Kxg6 Kb4 62. Kg7 Ra8 63. Kf7 Kxc4 64. Ke7 Ra2 65.
Kxd6 Rxf2 66. Ng4 Rc2 67. Nxe5+ Kd4 68. Nxf3+ Kxe4 69. Ng5+ Ke3 70. Ne6 c4 71.
Kc5 c3 72. Nd4 Rd2 73. Nb3 Rb2 74. Nd4 Rd2 75. Nb3 c2 76. d6 Rd3 77. Nc1 Kd2
78. Na2 Ra3 79. d7 Ra8 80. Kb6 Rxa2 81. d8=Q+ Kc1 82. Qd3 Kb1 83. Kc5 Rb2 84.
Kd4 Ka1 85. Qa3+ Kb1 86. Qd3 Ka1 87. Qa3+ Kb1 88. Qd3 1/2-1/2

[Event "España ch 2010 sub18"]
[Site "Linares ESP"]
[Date "2010.07.30"]
[Round "7.7"]
[White "Garcia Salamero, Gabriel"]
[Black "Subirats Ruiz, Sergi"]
[Result "0-1"]
[WhiteElo "2157"]
[BlackElo "2138"]
[PlyCount "136"]
[EventDate "2010.07.26"]
[EventType "swiss"]
[EventRounds "9"]
[EventCountry "ESP"]
[Source "lmi"]
[SourceDate "2010.07.26"]

1. e4 e5 2. Nf3 Nc6 3. Nc3 Nf6 4. a3 Be7 5. Bb5 Nd4 6. Nxd4 exd4 7. Nd5 c6 8.
Nxf6+ Bxf6 9. Bc4 O-O 10. O-O d5 11. exd5 cxd5 12. Bd3 Qd6 13. b3 Be5 14. g3
Bd7 15. Bb2 g6 16. f4 Bg7 17. Qf3 Rfe8 18. a4 Re4 19. Rae1 f5 20. Re2 Rae8 21.
Rfe1 a6 22. Qf1 Qb4 23. h4 R8e7 24. Ba1 Qa3 25. Bxe4 dxe4 26. Rh2 b5 27. h5 Qc5
28. hxg6 hxg6 29. d3 bxa4 30. bxa4 Bxa4 31. Rc1 Bb5 32. Qd1 a5 33. Bb2 Qb4 34.
Rb1 exd3 35. cxd3 Re3 36. Ba3 Qxa3 37. Rxb5 Rxd3 38. Rb8+ Bf8 39. Qf1 Rxg3+ 40.
Rg2 Qe3+ 41. Qf2 Rxg2+ 42. Kxg2 Qxf2+ 43. Kxf2 Kg7 44. Kf3 Bb4 45. Rd8 Bc3 46.
Rd6 Kh6 47. Rd5 a4 48. Rd6 a3 49. Ra6 Bb2 50. Ke2 Kh5 51. Kf3 Bc1 52. Rc6 Bb2
53. Ra6 Kh6 54. Ke2 Bc1 55. Kd3 Bxf4 56. Kxd4 Bc1 57. Kd3 Kh5 58. Ra4 g5 59.
Ke2 g4 60. Kf2 Kh4 61. Kg2 f4 62. Rc4 f3+ 63. Kf2 Bb2 64. Ra4 a2 65. Rxa2 Bd4+
66. Kf1 g3 67. Rd2 Be3 68. Rf2 Kg4 0-1

[Event "España ch 2010 sub18"]
[Site "Linares ESP"]
[Date "2010.07.30"]
[Round "7.8"]
[White "Donoso Sanchez, Alejandro"]
[Black "Alonso Rosell, Alvar"]
[Result "1/2-1/2"]
[WhiteElo "2159"]
[BlackElo "2521"]
[PlyCount "77"]
[EventDate "2010.07.26"]
[EventType "swiss"]
[EventRounds "9"]
[EventCountry "ESP"]
[Source "lmi"]
[SourceDate "2010.07.26"]

1. e4 c5 2. Nc3 a6 3. g3 b5 4. Bg2 Bb7 5. Nge2 e6 6. d4 cxd4 7. Nxd4 b4 8. Nce2
Nf6 9. Bg5 Be7 10. Qd3 d6 11. Bxf6 Bxf6 12. O-O O-O 13. f4 Nd7 14. Rad1 Qb6 15.
Kh1 Nc5 16. Qe3 Rac8 17. g4 Na4 18. Qb3 Nc5 19. Qe3 g6 20. Ng3 Na4 21. e5 dxe5
22. fxe5 Be7 23. Qb3 Rfd8 24. c3 Bxg2+ 25. Kxg2 Qb7+ 26. Kh3 Nc5 27. Qxb4 Qc7
28. Nf3 Nd3 29. Qa4 Qc6 30. Qe4 Nf2+ 31. Rxf2 Rxd1 32. Qf4 Qe8 33. Ne4 Rd3 34.
Kg2 Qf8 35. Nfg5 Qg7 36. Nxf7 Rf8 37. Nh6+ Kh8 38. Nf7+ Kg8 39. Nh6+ 1/2-1/2

[Event "España ch 2010 sub18"]
[Site "Linares ESP"]
[Date "2010.07.30"]
[Round "7.9"]
[White "Fernandez Garcia, Jose Miguel"]
[Black "Herrera Reyes, Jose Antonio"]
[Result "1-0"]
[WhiteElo "2252"]
[BlackElo "2151"]
[PlyCount "65"]
[EventDate "2010.07.26"]
[EventType "swiss"]
[EventRounds "9"]
[EventCountry "ESP"]
[Source "lmi"]
[SourceDate "2010.07.26"]

1. e4 c5 2. Nf3 e6 3. g3 a6 4. Bg2 b5 5. O-O Bb7 6. Re1 Nc6 7. c3 c4 8. d4 cxd3
9. Qxd3 Nf6 10. a4 b4 11. e5 Nd5 12. c4 Nde7 13. b3 Ng6 14. Bb2 Qc7 15. Nbd2
Be7 16. h4 f6 17. exf6 Bxf6 18. Bxf6 gxf6 19. Ne4 Ke7 20. Rad1 Nce5 21. Nxe5
Nxe5 22. Qd2 a5 23. Nxf6 Bxg2 24. Kxg2 h6 25. Nd5+ exd5 26. Qxd5 Kf6 27. Rd4
Rhe8 28. Rf4+ Kg7 29. Rfe4 d6 30. f4 Nd7 31. Re7+ Rxe7 32. Rxe7+ Kh8 33. Qd4+
1-0

[Event "España ch 2010 sub18"]
[Site "Linares ESP"]
[Date "2010.07.30"]
[Round "7.10"]
[White "Silva Rodriguez, Julio"]
[Black "Alcaraz Ortega, Javier"]
[Result "0-1"]
[WhiteElo "2126"]
[BlackElo "2242"]
[PlyCount "60"]
[EventDate "2010.07.26"]
[EventType "swiss"]
[EventRounds "9"]
[EventCountry "ESP"]
[Source "lmi"]
[SourceDate "2010.07.26"]

1. e4 c5 2. Nf3 Nc6 3. d4 cxd4 4. Nxd4 g6 5. Nc3 Bg7 6. Nb3 Nf6 7. Bc4 d6 8.
O-O O-O 9. Re1 Bd7 10. Bf1 Rc8 11. Nd5 Re8 12. c3 a6 13. a4 Na5 14. Nxa5 Qxa5
15. Bg5 Nxd5 16. exd5 Bf8 17. Bd2 Qxd5 18. c4 Qd4 19. Qc1 Be6 20. Bc3 Qc5 21.
b3 Bg7 22. Bxg7 Kxg7 23. Qc3+ Kg8 24. Re4 d5 25. Re5 Qc7 26. Rc1 Red8 27. c5 d4
28. Qg3 Bxb3 29. Rce1 Be6 30. Bd3 Rd5 0-1

[Event "España ch 2010 sub18"]
[Site "Linares ESP"]
[Date "2010.07.30"]
[Round "7.11"]
[White "Marcos Pinto, Luis"]
[Black "Vila Gonzalez, Daniel"]
[Result "0-1"]
[WhiteElo "2240"]
[BlackElo "2094"]
[PlyCount "78"]
[EventDate "2010.07.26"]
[EventType "swiss"]
[EventRounds "9"]
[EventCountry "ESP"]
[Source "lmi"]
[SourceDate "2010.07.26"]

1. e4 c5 2. Nf3 Nc6 3. d4 cxd4 4. Nxd4 Nf6 5. Nc3 e5 6. Ndb5 d6 7. Bg5 a6 8.
Na3 b5 9. Nd5 Be7 10. Bxf6 Bxf6 11. c3 Bg5 12. Nc2 O-O 13. a4 bxa4 14. Rxa4 a5
15. Bc4 Bd7 16. Ra2 a4 17. O-O Na5 18. Bd3 Nb3 19. Nce3 Nc5 20. Bc2 Rb8 21. Qe2
g6 22. Rd1 Rb7 23. Nb4 Bb5 24. Qe1 Bh6 25. Raa1 Qb8 26. Rd5 Bxe3 27. Qxe3 Bc4
28. Rd2 Bb3 29. Rad1 Bxc2 30. Rxc2 f5 31. exf5 gxf5 32. Qd2 Ne4 33. Qd5+ Rbf7
34. Rf1 Qb6 35. Kh1 Kh8 36. f3 Nf6 37. Qe6 Nh5 38. Rd1 Rf6 39. Nd5 Qb3 0-1

[Event "España ch 2010 sub18"]
[Site "Linares ESP"]
[Date "2010.07.30"]
[Round "7.12"]
[White "Martinez Lopez, David"]
[Black "Cruz Lledo, Pablo"]
[Result "1/2-1/2"]
[WhiteElo "2110"]
[BlackElo "2239"]
[PlyCount "119"]
[EventDate "2010.07.26"]
[EventType "swiss"]
[EventRounds "9"]
[EventCountry "ESP"]
[Source "lmi"]
[SourceDate "2010.07.26"]

1. e4 d5 2. exd5 Qxd5 3. Nc3 Qd6 4. Bc4 Nf6 5. d3 Be6 6. Bxe6 Qxe6+ 7. Nge2 Nc6
8. O-O O-O-O 9. Ng3 h5 10. Nge4 Nxe4 11. Nxe4 Qd5 12. a4 e5 13. a5 a6 14. Bd2
f5 15. Ng3 g6 16. Ne2 h4 17. h3 Be7 18. b4 g5 19. Nc3 Qd7 20. b5 Nd4 21. bxa6
bxa6 22. Ne2 Nc6 23. Qb1 g4 24. hxg4 Rdg8 25. Qb3 Rxg4 26. Rab1 Kd8 27. Qb7 Ke8
28. Qa8+ Bd8 29. Qxa6 Rhg8 30. g3 hxg3 31. fxg3 Nd4 32. Kf2 f4 33. Nxd4 fxg3+
34. Kg2 Rxd4 35. Qb5 Qxb5 36. Rxb5 Rh4 37. Rxe5+ Kd7 38. Rh1 Rxh1 39. Kxh1 Bf6
40. Re4 Rh8+ 41. Kg1 Be7 42. Be3 Ra8 43. Ra4 Ra6 44. Kg2 Bd6 45. Bd2 c5 46. Be1
Bc7 47. Rc4 Re6 48. Re4 Rh6 49. Bxg3 Rg6 50. Re3 Bxa5 51. Kf3 Bc3 52. Be5 Bd2
53. Re2 Bh6 54. Ke4 Kc6 55. Rh2 Bf8 56. Rf2 Bd6 57. Rf6 Rxf6 58. Bxf6 Bf8 59.
c4 Bd6 60. Be5 1/2-1/2

[Event "España ch 2010 sub18"]
[Site "Linares ESP"]
[Date "2010.07.30"]
[Round "7.13"]
[White "Pozueta Alegria, Adrian"]
[Black "Pruja Ramirez De Cartagena, Marc"]
[Result "0-1"]
[WhiteElo "2089"]
[BlackElo "2228"]
[PlyCount "54"]
[EventDate "2010.07.26"]
[EventType "swiss"]
[EventRounds "9"]
[EventCountry "ESP"]
[Source "lmi"]
[SourceDate "2010.07.26"]

1. e4 c5 2. Nc3 d6 3. d3 g6 4. g3 Nc6 5. Be3 Bg7 6. Bg2 e5 7. Nh3 Nge7 8. O-O
Nd4 9. Nd5 Nxd5 10. exd5 O-O 11. c3 Nf5 12. Bd2 Ne7 13. Qe2 Nxd5 14. c4 Ne7 15.
b4 Nf5 16. Rab1 Nd4 17. Qd1 Rb8 18. Be3 b6 19. Qa4 Ne2+ 20. Kh1 Nc3 21. Qxa7
Bxh3 22. Bxh3 Nxb1 23. Rxb1 Ra8 24. Qb7 Rxa2 25. Bg2 Ra3 26. Be4 Kh8 27. h4 f5
0-1

[Event "España ch 2010 sub18"]
[Site "Linares ESP"]
[Date "2010.07.30"]
[Round "7.14"]
[White "Martinez Ramirez, Erik"]
[Black "Alvarado Diaz, Alejandro"]
[Result "0-1"]
[WhiteElo "2216"]
[BlackElo "2068"]
[PlyCount "88"]
[EventDate "2010.07.26"]
[EventType "swiss"]
[EventRounds "9"]
[EventCountry "ESP"]
[Source "lmi"]
[SourceDate "2010.07.26"]

1. e4 c5 2. Nf3 e6 3. Qe2 Nc6 4. g3 g6 5. Bg2 Bg7 6. O-O Nge7 7. d3 O-O 8. c3
b6 9. h4 d5 10. e5 Bb7 11. h5 Qc7 12. Re1 Rfd8 13. Nbd2 d4 14. c4 gxh5 15. Nf1
Ng6 16. Bg5 Ncxe5 17. Bxd8 Rxd8 18. Nxe5 Bxg2 19. Kxg2 Nxe5 20. Nd2 Qc6+ 21.
Nf3 h4 22. gxh4 Kh8 23. Kg3 Ng6 24. Qd1 Qc7+ 25. Kg2 Bf6 26. Rg1 Qf4 27. Kf1
Qf5 28. Ng5 Bxg5 29. hxg5 Ne5 30. Rg3 Rg8 31. Qd2 h6 32. Ke2 Rxg5 33. Rh1 Kg7
34. Rhg1 Kf8 35. Rxg5 Qf3+ 36. Kf1 hxg5 37. Qxg5 Qxd3+ 38. Kg2 Qf3+ 39. Kh2
Qxf2+ 40. Kh1 Qf3+ 41. Kh2 Qe2+ 42. Kh1 Qe4+ 43. Rg2 Qh7+ 44. Rh2 Qxh2+ 0-1

[Event "España ch 2010 sub18"]
[Site "Linares ESP"]
[Date "2010.07.30"]
[Round "7.15"]
[White "Moral Garcia, Serafin"]
[Black "De Nacimiento Montaño, Angel"]
[Result "1-0"]
[WhiteElo "2084"]
[BlackElo "2193"]
[PlyCount "105"]
[EventDate "2010.07.26"]
[EventType "swiss"]
[EventRounds "9"]
[EventCountry "ESP"]
[Source "lmi"]
[SourceDate "2010.07.26"]

1. e4 c5 2. Nf3 d6 3. d4 cxd4 4. Nxd4 Nf6 5. Nc3 g6 6. Be3 Bg7 7. f3 O-O 8. Qd2
Nc6 9. O-O-O d5 10. Kb1 Nxd4 11. e5 Nd7 12. Qxd4 e6 13. f4 b6 14. g4 Bb7 15. g5
Rc8 16. h4 Qc7 17. Rh3 a6 18. Rd2 Rfd8 19. h5 Bf8 20. Nd1 Nc5 21. Rdh2 Ne4 22.
hxg6 fxg6 23. Rxh7 Qxh7 24. Rxh7 Kxh7 25. Qxb6 Rd7 26. Qxe6 Re7 27. Qh3+ Kg8
28. Bd3 Rc6 29. Bd4 Rh7 30. Qg2 Re6 31. Ne3 Rh4 32. Nxd5 Nxg5 33. a3 Rxf4 34.
Nf6+ Rexf6 35. Qxb7 Rf7 36. Bc4 Rxd4 37. Bxf7+ Nxf7 38. e6 Nd8 39. Qxa6 Rd6 40.
Qc4 Nxe6 41. a4 Kh7 42. a5 Nc5 43. b4 Na6 44. c3 g5 45. b5 Nc5 46. Qf7+ Bg7 47.
Qf5+ Rg6 48. Qxc5 g4 49. a6 g3 50. a7 g2 51. Qg1 Bxc3 52. a8=Q Bg7 53. Qaxg2
1-0

[Event "España ch 2010 sub18"]
[Site "Linares ESP"]
[Date "2010.07.31"]
[Round "8.1"]
[White "Coll Ortega, Jordi"]
[Black "Arribas Lopez, Angel"]
[Result "0-1"]
[WhiteElo "2248"]
[BlackElo "2442"]
[PlyCount "86"]
[EventDate "2010.07.26"]
[EventType "swiss"]
[EventRounds "9"]
[EventCountry "ESP"]
[Source "lmi"]
[SourceDate "2010.07.26"]

1. d4 Nf6 2. c4 g6 3. g3 Bg7 4. Bg2 O-O 5. Nf3 d6 6. O-O c6 7. Nc3 Qb6 8. c5
dxc5 9. Na4 Qb5 10. Nxc5 Na6 11. a4 Qb6 12. Nd3 Rd8 13. Nde5 Ne4 14. e3 Be6 15.
Qe2 c5 16. a5 Qc7 17. Qc2 Bd5 18. Nd3 cxd4 19. Qxc7 Nxc7 20. Nxd4 Bxd4 21. exd4
Nd6 22. Re1 Bxg2 23. Kxg2 Nd5 24. Nf4 Nf5 25. Ra4 Rac8 26. Nxd5 Rxd5 27. Bf4
Rd7 28. Be3 e6 29. Rb4 f6 30. Kf3 Ne7 31. Rb5 Nc6 32. Rd1 a6 33. Rc5 Rcd8 34.
Ke2 Rd5 35. b4 Rxc5 36. bxc5 Nxa5 37. Rb1 Rd7 38. Kd3 e5 39. Ke4 exd4 40. Bxd4
f5+ 41. Ke3 Nc4+ 42. Kd3 Na3 43. Rb4 Nb5 0-1

[Event "España ch 2010 sub18"]
[Site "Linares ESP"]
[Date "2010.07.31"]
[Round "8.2"]
[White "Espinosa Aranda, Angel"]
[Black "Martin Fuentes, Alberto"]
[Result "1-0"]
[WhiteElo "2397"]
[BlackElo "2297"]
[PlyCount "67"]
[EventDate "2010.07.26"]
[EventType "swiss"]
[EventRounds "9"]
[EventCountry "ESP"]
[Source "lmi"]
[SourceDate "2010.07.26"]

1. e4 e6 2. d4 d5 3. e5 c5 4. c3 Qb6 5. Nf3 Nc6 6. a3 Nh6 7. b4 cxd4 8. cxd4
Nf5 9. Bb2 Bd7 10. g4 Nh6 11. Rg1 Rc8 12. Nbd2 Be7 13. Rc1 a5 14. b5 Na7 15. a4
O-O 16. Bd3 Rc7 17. Ke2 Rfc8 18. Rxc7 Rxc7 19. Qb1 g6 20. Nb3 Nc8 21. Bc1 Kg7
22. Bd2 Qa7 23. Qf1 Ng8 24. h4 h6 25. h5 Bb4 26. g5 Bxd2 27. Nbxd2 Nce7 28.
hxg6 hxg5 29. gxf7 Kxf7 30. Qb1 b6 31. Nxg5+ Ke8 32. Bg6+ Kd8 33. Nf7+ Kc8 34.
Bh7 1-0

[Event "España ch 2010 sub18"]
[Site "Linares ESP"]
[Date "2010.07.31"]
[Round "8.3"]
[White "Subirats Ruiz, Sergi"]
[Black "Forcen Esteban, Daniel"]
[Result "0-1"]
[WhiteElo "2138"]
[BlackElo "2379"]
[PlyCount "96"]
[EventDate "2010.07.26"]
[EventType "swiss"]
[EventRounds "9"]
[EventCountry "ESP"]
[Source "lmi"]
[SourceDate "2010.07.26"]

1. e4 c5 2. Nf3 e6 3. Qe2 Nc6 4. g3 g6 5. Bg2 Bg7 6. c3 Nge7 7. h4 h5 8. O-O
O-O 9. Rd1 e5 10. Na3 d6 11. d3 Bg4 12. Nc2 f5 13. Bg5 Qd7 14. Ne3 f4 15. gxf4
exf4 16. Nd5 Rae8 17. Nxe7+ Nxe7 18. d4 cxd4 19. cxd4 Bf6 20. Qc4+ Kg7 21.
Bxf6+ Rxf6 22. e5 Rff8 23. Re1 d5 24. Qc5 Bxf3 25. e6 Qd8 26. Bxf3 b6 27. Qb5
Nf5 28. Qd7+ Qxd7 29. exd7 Rd8 30. Re5 Nxd4 31. Bxd5 Rxd7 32. Rd1 Nf5 33. Rde1
Nxh4 34. Re7+ Rxe7 35. Rxe7+ Kf6 36. Rxa7 Rd8 37. Bb3 g5 38. Rf7+ Kg6 39. Rb7
Rd6 40. Bc2+ Kf6 41. b4 g4 42. Rh7 Nf3+ 43. Kf1 Rd2 44. Be4 Ng5 45. Rh6+ Ke5
46. Bc6 f3 47. Ke1 Re2+ 48. Kf1 Rxa2 0-1

[Event "España ch 2010 sub18"]
[Site "Linares ESP"]
[Date "2010.07.31"]
[Round "8.4"]
[White "Vazquez Torres, Adrian"]
[Black "Fernandez Garcia, Jose Miguel"]
[Result "1/2-1/2"]
[WhiteElo "2210"]
[BlackElo "2252"]
[PlyCount "75"]
[EventDate "2010.07.26"]
[EventType "swiss"]
[EventRounds "9"]
[EventCountry "ESP"]
[Source "lmi"]
[SourceDate "2010.07.26"]

1. e4 d6 2. d4 Nf6 3. Nc3 e5 4. Nf3 Nbd7 5. Bc4 Be7 6. h3 O-O 7. Be3 c6 8. dxe5
dxe5 9. a4 Qc7 10. O-O Nc5 11. Qe2 a5 12. Ng5 b6 13. Rad1 h6 14. f4 Bd6 15.
fxe5 Bxe5 16. Bxc5 bxc5 17. Nf3 Rb8 18. Nxe5 Qxe5 19. Rb1 Rb4 20. Rf2 Qd4 21.
e5 Ng4 22. Bxf7+ Rxf7 23. hxg4 Bxg4 24. Qd2 Rxf2 25. Qxf2 Qxe5 26. Nd1 Rf4 27.
Qe3 Re4 28. Qc3 Re1+ 29. Kf2 Qe2+ 30. Kg3 Rxd1 31. Rxd1 Qxd1 32. Qc4+ Qd5 33.
Qxg4 Qe5+ 34. Kh3 Qxb2 35. Qc8+ Kh7 36. Qf5+ Kh8 37. Qf8+ Kh7 38. Qf5+ 1/2-1/2

[Event "España ch 2010 sub18"]
[Site "Linares ESP"]
[Date "2010.07.31"]
[Round "8.5"]
[White "Anaya Lopez, Victor Jose"]
[Black "Pardo Simon, David"]
[Result "0-1"]
[WhiteElo "2165"]
[BlackElo "2354"]
[PlyCount "140"]
[EventDate "2010.07.26"]
[EventType "swiss"]
[EventRounds "9"]
[EventCountry "ESP"]
[Source "lmi"]
[SourceDate "2010.07.26"]

1. e4 c5 2. Nf3 e6 3. d4 cxd4 4. Nxd4 a6 5. c4 Nf6 6. Nc3 Qc7 7. a3 b6 8. Be3
Bb7 9. f3 d6 10. Rc1 Be7 11. Be2 Nbd7 12. b4 Rc8 13. O-O O-O 14. Qd2 Qb8 15.
Rfd1 Ne5 16. Na4 Nfd7 17. Kh1 Rfe8 18. Nb3 Bc6 19. Nc3 Bb7 20. Na4 Bc6 21. Nc3
Ba8 22. Na4 Rc7 23. Nb2 Rec8 24. a4 h6 25. Nd4 Nf6 26. Rc2 Ng6 27. Rdc1 Rd8 28.
Nd3 h5 29. a5 bxa5 30. bxa5 Nd7 31. Bg5 Nc5 32. Bxe7 Rxe7 33. Rb2 Qc7 34. Qb4
Qc8 35. Nb3 Rb7 36. Qa3 Nxd3 37. Bxd3 Rc7 38. Bf1 d5 39. exd5 Bxd5 40. Rbc2 e5
41. Qb2 Be6 42. Nd2 h4 43. Ne4 h3 44. g3 Rd4 45. c5 Bf5 46. Re1 Qa8 47. Rce2
Bxe4 48. fxe4 Rxc5 49. Bxh3 Rxa5 50. Qc2 Raa4 51. Bg2 Rac4 52. Qa2 a5 53. Rc2
Rxc2 54. Qxc2 a4 55. h4 Nf8 56. Ra1 Nd7 57. Bh3 Nf6 58. Bg2 Qa6 59. Rc1 a3 60.
Ra1 Ng4 61. Qc5 a2 62. Qc2 Ra4 63. Bf3 Ne3 64. Qd2 Ra3 65. Be2 Qa8 66. Bd3 Ng4
67. Kg2 Qd8 68. Qe2 Qxd3 69. Qxg4 Qc3 70. Kh3 g6 0-1

[Event "España ch 2010 sub18"]
[Site "Linares ESP"]
[Date "2010.07.31"]
[Round "8.6"]
[White "Herrera Delgado, Alejandro"]
[Black "Gil Quilez, David"]
[Result "1/2-1/2"]
[WhiteElo "2316"]
[BlackElo "2133"]
[PlyCount "121"]
[EventDate "2010.07.26"]
[EventType "swiss"]
[EventRounds "9"]
[EventCountry "ESP"]
[Source "lmi"]
[SourceDate "2010.07.26"]

1. e4 e5 2. Nf3 Nc6 3. Bb5 a6 4. Ba4 Nf6 5. O-O Be7 6. Bxc6 dxc6 7. Qe1 Be6 8.
b3 Bg4 9. Nxe5 Qd4 10. Nc4 Qxa1 11. Bb2 Qxa2 12. Nc3 Qxb2 13. Nxb2 O-O-O 14.
Qe3 Kb8 15. Ra1 Bc8 16. f3 c5 17. Nd3 Rhe8 18. Nxc5 b6 19. Nd3 Bb7 20. Kh1 Nd7
21. Qf2 Bf6 22. Rd1 Nf8 23. Nd5 Bxd5 24. exd5 Rxd5 25. Nb4 Rb5 26. c3 a5 27.
Qf1 Rh5 28. Qa6 axb4 29. cxb4 Rhe5 30. g3 h5 31. Ra1 Re1+ 32. Rxe1 Rxe1+ 33.
Kg2 h4 34. Qb5 hxg3 35. hxg3 Ng6 36. f4 Re4 37. Kf3 Re1 38. Qd5 Re7 39. b5 Re6
40. d3 Ne7 41. Qd7 Rd6 42. Qe8+ Nc8 43. Qxf7 Rxd3+ 44. Kg2 Nd6 45. Qe6 Rd4 46.
Kf3 Rb4 47. g4 Rxb5 48. g5 Bxg5 49. fxg5 Rxg5 50. Ke2 Rg2+ 51. Kd3 Rg5 52. Kd4
Rc5 53. Kd3 g5 54. b4 Rb5 55. Kc3 Rf5 56. Kd3 Kb7 57. Qg8 Rf3+ 58. Kc2 Rf5 59.
Kd3 Rf3+ 60. Kd2 Rf5 61. Kd3 1/2-1/2